Digital Control : (Record no. 214744)
[ view plain ]
| 000 -LEADER | |
|---|---|
| fixed length control field | 00618 a2200157 4500 |
| 003 - CONTROL NUMBER IDENTIFIER | |
| control field | Nust |
| 005 - DATE AND TIME OF LATEST TRANSACTION | |
| control field | 20221231150459.0 |
| 040 ## - CATALOGING SOURCE | |
| Transcribing agency | Nust |
| 082 ## - DEWEY DECIMAL CLASSIFICATION NUMBER | |
| Classification number | 629.8,FOR |
| 100 ## - MAIN ENTRY--PERSONAL NAME | |
| Personal name | W.Forsythe |
| 9 (RLIN) | 106564 |
| 245 ## - TITLE STATEMENT | |
| Title | Digital Control : |
| Remainder of title | Fundamental, Theory and Practice / |
| Statement of responsibility, etc. | W.Forsythe and R.M. Goodall |
| 260 ## - PUBLICATION, DISTRIBUTION, ETC. | |
| Place of publication, distribution, etc. | London : |
| Name of publisher, distributor, etc. | Macmillan Education |
| Date of publication, distribution, etc. | 1991 |
| 300 ## - PHYSICAL DESCRIPTION | |
| Extent | xii,256p; |
| 505 ## - FORMATTED CONTENTS NOTE | |
| Formatted contents note | The z- Domain (Page-1), Controller Design (Page-44), Error Mechanisms, Filter Structure, and the Sampling Interval (Page-88), Requirement for Implementation (Page-112), Specific Issues of Implementation (Page-171). |
| 942 ## - ADDED ENTRY ELEMENTS (KOHA) | |
| Source of classification or shelving scheme | |
| Koha item type | Book |
| Withdrawn status | Lost status | Source of classification or shelving scheme | Damaged status | Not for loan | Permanent Location | Current Location | Shelving location | Date acquired | Full call number | Barcode | Date last seen | Price effective from | Koha item type | Public note |
|---|---|---|---|---|---|---|---|---|---|---|---|---|---|---|
| Military College of Signals (MCS) | Military College of Signals (MCS) | General Stacks | 12/12/2016 | 629.8,FOR | MCS5716 | 12/08/2016 | 12/12/2016 | Book | Almirah No.41, Shelf No.3 |
